RICS influence, advocacy and thought leadership across the UK (Record no. 121349)
[ view plain ]
| 000 -LEADER | |
|---|---|
| fixed length control field | 01094nam a22001937a 4500 |
| 008 - FIXED-LENGTH DATA ELEMENTS--GENERAL INFORMATION | |
| fixed length control field | 230202s2022 xxk|||||o|||| 00| 0 eng d |
| 041 ## - LANGUAGE CODE | |
| Language code of text/sound track or separate title | eng |
| 110 ## - MAIN ENTRY--CORPORATE NAME | |
| Corporate author | Royal Institution of Chartered Surveyors |
| 245 ## - TITLE STATEMENT | |
| Title | RICS influence, advocacy and thought leadership across the UK |
| Subtitle | Impact Report 2022 |
| Medium | [Electronic resource] |
| 260 ## - PUBLICATION INFORMATION | |
| Place of publication | London, |
| Publisher | Royal Institution of Chartered Surveyors, |
| Date | December 2022 |
| 300 ## - PHYSICAL DESCRIPTION | |
| Physical description | 42p |
| 490 ## - SERIES TITLE | |
| Series statement | RICS Impact Report |
| 520 ## - ABSTRACT | |
| Abstract | The RICS UK Impact Report 2022 provides highlights of our profession’s influence and member insight in shaping our thought leadership and advocacy activity and our impact over the course of 2022. 260+ roundtables and meeting; 55+ responses to policy consultations and submissions of evidence; 270+ influential meetings with government and industry bodies |
| 651 ## - SUBJECT ADDED ENTRY--GEOGRAPHIC NAME | |
| Geographic name | United Kingdom |
| 690 ## - BROAD SUBJECT | |
| 9 (RLIN) | 6277 |
| Broad subject | RICS |
| 710 ## - ADDED CORPORATE NAME | |
| Added corporate author | Royal Institution of Chartered Surveyors |
| 856 ## - ONLINE RESOURCE | |
| Uniform Resource Identifier | <a href="https://www.rics.org/contentassets/32c1cffd4bac49009a7b104c1a8f9c94/rics-uk-impact-report-2022.pdf">https://www.rics.org/contentassets/32c1cffd4bac49009a7b104c1a8f9c94/rics-uk-impact-report-2022.pdf</a> |
| Public note | Available free on RICS.org |
| 942 ## - ADDED ENTRY ELEMENTS (KOHA) | |
| Suppress in OPAC | Do not suppress in OPAC |
| Lost status | Damaged status | Not for loan | Current library | Shelving location | Date acquired | Total Checkouts | Date last seen | Price effective from | Koha item type |
|---|---|---|---|---|---|---|---|---|---|
| Virtual | Online | 02/02/2023 | 02/02/2023 | 02/02/2023 | Online material |